1515 1699 1925 1645 1614 1367 1843 1889 1680 1084 1038 1007 1319 1795 1813 1696 1895 1562 1532 1690 1048 1069 1259 1736 1720 1257 1751 1410 1589 1579 1787 1730 1668 1501 1499 1346 1247 1439 1374 1445 1995 1853 1968 1815 1468 1960 1668 1937 1982 1536 1628 1027 1298 1382 1641 1767 1529 1380 1883 1053 1589 1605 1702 1592 1979 1163 1009 1481 1657 1981 1690 1934 1366 1716 1509 1598 1782 1354 1744 1166 1073 1328 1521 1391 1672 1476 1118 1581 1722 1732 1066 1328 1532 1332 1628 1998 1828 1786 1135 BCNSPRNW ULIB Ver.6.0+V

เปลี่ยนเป็นภาษาไทย

Change to English
 แสดงรายละเอียดบรรณานุกรม
  กลับหน้าหลัก

Brief Record : Get Marc (ISO 2709) : E-mail record : QR code < ปิดหน้าต่าง
LEADER : 00000nam 2200000uu 4500
001    13399114022
003     ULIB
008    110320s||||||||th 000 0 tha d
099    วจ.WA590^bป525ร
100 0  ปัณณธร ชัชวรัตน์
245 00 รูปแบบการส่งเสริมพฤติกรรมสุขภาพของพระสงฆ์/^cปัณณธร ชัชวรัตน์,สุชาดา อินทรกำแหง ณ ราชสีมา,นุศรา วิจิตรแก้ว,วิภา เอี่ยมสำอางค์ กาลามินโร,โรชินี อุปรา,วรรณวดี เนียมสกุล และ ประจวบ แหลมหลัก
260    พะเยา :^bวิทยาลัยเครือข่ายภาคเหนือ,^c2554
300    82 หน้า :^bตาราง
500    รายงานการวิจัย
650  7 การส่งเสริมพฤติกรรมสุขภาพ^xพระสงฆ์^xวิจัย
650  7 พฤติกรรมสุขภาพ^xวิจัย
700 0  สุชาดา อินทรกำแหง ณ ราชสีมา
700 0  นุศรา วิจิตรแก้ว
700 0  วิภา เอี่ยมสำอางค์ กาลามินโร
700 0  โรชินี อุปรา
700 0  วรรณวดี เนียมสกุล
700 0  ประจวบ แหลมหลัก
710 2  วิทยาลัยเครือข่ายภาคเหนือ
945    ^p0^l0^i030987
995    ทศพร
999 ^a ใช้งานได้ทุกระบบ
รายการนี้ยังไม่มีแท็ก
คุณยังไม่ได้ล็อกอิน คุณสามารถมีกิจกรรมร่วมกับเว็บไซต์ได้ แต่ต้องล็อกอินก่อน ::
  ล็อกอิน

รายการสื่อสารสนเทศ

ลำดับที่ ประเภท เลขเรียก/บาร์โค้ด สถานที่ สถานะ
1. งานวิจัย
งานวิจัย
วจ.WA590 ป525ร ฉ.1 
  Barcode: 030987
ห้องสมุดวิทยาเขตสวรรค์ประชารักษ์
►วิจัย
บนชั้น

รายการใกล้เคียง
    ผู้แต่ง [ปัณณธร ชัชวรัตน์]

BibComment


ยังไม่เคยถูกคอมเมนท์

คอมเมนท์ทรัพยากรรายการนี้
  คอมเมนท์: รูปแบบการส่งเสริม..


 Copyright 2026. Bcnsprnw @Library